二つの国境を持つ国 - Statistics

General Stats
  • This quiz has been taken 216 times
  • The average score is 12 of 27
Answer Stats
Hint Answer % Correct
カナダとメキシコ アメリカ合衆国
88%
フィンランドとノルウェー スウェーデン
69%
中国とロシア モンゴル
68%
ネパール
62%
中国とインド ブータン
59%
フランスとスペイン アンドラ
59%
コロンビアとコスタリカ パナマ
59%
オマーンとサウジアラビア イエメン
58%
オーストリアとスイス リヒテンシュタイン
53%
モザンビークと南アフリカ エスワティニ
53%
アルゼンチンとブラジル ウルグアイ
50%
ニカラグアとパナマ コスタリカ
48%
アラブ首長国連邦
48%
ミャンマーとインド バングラデシュ
47%
コスタリカとホンジュラス ニカラグア
45%
ラトビアとロシア エストニア
44%
グアテマラとメキシコ ベリーズ
42%
ベルギーとドイツ オランダ
38%
アルジェリアとリビア チュニジア
36%
グアテマラとホンジュラス エルサルバドル
32%
イラクとサウジアラビア クウェート
32%
コロンビアとペルー エクアドル
26%
イスラエルとシリア レバノン
25%
カメルーンとガボン 赤道ギニア
23%
ルーマニアとウクライナ モルドバ
23%
ギニアとリベリア シエラレオネ
17%
ギニアとセネガル ギニアビサウ
15%
No matching quizzes found
Score Distribution
Percent of People with Each Score
Percentile by Number Answered
Your Score History
You have not taken this quiz